Statistics for Best goalscorers Serie A

Click here to take the quiz!

General Stats

  • This quiz has been taken 3,429 times
    (1,983 since last reset)
  • The average score is 27 of 107

Answer Stats

HintAnswer% Correct
2020-2021Cristiano Ronaldo
93%
2013-2014Ciro Immobile
83%
2017-2018 | 2019-2020Ciro Immobile
81%
2007-2008Alessandro Del Piero
79%
2006-2007Francesco Totti
76%
2015-2016Gonzalo Higuain
72%
2008-2009 | 2011-2012Zlatan Ibrahimovic
71%
1996-1997Filippo Inzaghi
66%
2005-2006 | 2014-2015Luca Toni
60%
1999-2000 | 2003-2004Andriy Shevchenko
56%
2002-2003Christian Vieri
53%
1989-1990 | 1991-1992Marco Van Basten
52%
2009-2010 | 2010-2011Antonio Di Natale
51%
Mauro Icardi
50%
1987-1988Diego Armando Maradona
49%
1977-1978Paolo Rossi
48%
2018-2019Fabio Quagliarella
47%
2001-2002David Trezeguet
45%
2016-2017Edin Dzeko
45%
1994-1995Gabriel Batistuta
44%
2000-2001Hernan Crespo
42%
1929-1930 | 1935-1936 | 1937-1938Giuseppe Meazza
40%
2012-2013Edison Cavani
39%
1982-1983 | 1983-1984 | 1984-1985Michel Platini
37%
1966-1967 | 1968-1969 | 1969-1970Gigi Riva
36%
1990-1991Gianluca Vialli
31%
Gianni Rivera
27%
1949-1950 | 1950-1951 | 1952-1953 | +2 othersGunnar Nordahl
27%
1936-1937 | 1942-1943Silvio Piola
27%
1964-1965Sandro Mazzola
25%
1946-1947Valentino Mazzola
25%
1959-1960Omar Sivori
20%
| 1992-1993 | 1993-1994Giuseppe Signori
18%
1997-1998Oliver Bierhoff
16%
Dario Hubner
15%
1961-1962José Altafini
15%
2004-2005Cristiano Lucarelli
13%
1970-1971 | 1971-1972Roberto Boninsegna
13%
1980-1981 | 1981-1982 | 1985-1986Roberto Pruzzo
13%
1976-1977Francesco Graziani
12%
1947-1948GIampiero Boniperti
12%
1979-1980Roberto Bettega
12%
1995-1996Igor Protti
9%
1957-1958John Charles
9%
| 1974-1975 | 1975-1976Paolo Pulici
9%
1988-1989Aldo Serena
8%
1998-1999Marcio Amoroso
8%
1978-1979Bruno Giordano
6%
1973-1974Giorgio Chinaglia
6%
1967-1968Pierino Prati
6%
1986-1987Pietro Paolo Virdis
6%
1972-1973Giuseppe Savoldi
4%
1948-1949Istvan Nyers
4%
1951-1952John Hansen
4%
1958-1959Valentin Angelillo
4%
1931-1932Angelo Schiavio
3%
1932-1933 | 1933-1934Felice Borel
3%
| 1939-1940 | 1941-1942Aldo Boffi
2%
1945-1946Guglielmo Gabetto
2%
1962-1963 | 1963-1964Harald Nielsen
2%
1965-1966Luis Vinicio
2%
Pedro Manfredini
2%
1930-1931Rodolfo Volk
2%
1960-1961Sergio Brighenti
2%
Alberto Orlando
1%
1926-1927Antonio Powolny
1%
Aurelio Milani
1%
1956-1957Dino Da Costa
1%
1934-1935Enrique Guaita
1%
1938-1939 | 1940-1941Ettore Puricelli
1%
1925-1926Ferenc Hirzer
1%
1955-1956Gino Pivatelli
1%
1928-1929Gino Rossetti
1%
1923-1924Heinrich Schönfeld
1%
1927-1928Julio Libonatti
1%
1924-1925Mario Magnozzi
1%
Pedro Petrone
1%

Score Distribution

Percentile by Number Answered

Percent of People with Each Score

Your Score History

You have not taken this quiz since the last reset